000
00195 a2200097 4500
001
42259
100
_a
Haim S
245
_a
Engine Persian Dictionary
260
_a
_b
_c
090
_c
26232
_d
26232
942
_a
NUST-CAE
_c
M
_c
18039
999
_c
277332
_d
277332